000
00349nam a2200157Ia 4500
003
OSt
005
20260512124506.0
008
241002s9999 xx 000 0 und d
040
_c
AACR2
082
_a
954.905 WHE
100
_a
Waheed, Khalid
245
4
_a
The Winds of Change
260
_a
Karachi:
_c
1971
600
_a
History
942
_c
UC
_2
ddc
999
_c
18876
_d
18876